| 000 | 00551nam a2200217Ia 4500 | ||
|---|---|---|---|
| 003 | OSt | ||
| 005 | 20220923230848.0 | ||
| 006 | a|||||r|||| 00| 0 | ||
| 007 | ta | ||
| 008 | 220922b |||||||| |||| 00| 0 pan d | ||
| 024 | _a306,128 | ||
| 037 | _cTextual | ||
| 040 |
_aARTS _cARTS _bpan |
||
| 041 |
_2pan _apan |
||
| 082 | _aO168,3NRA6,DO, 153M2 | ||
| 100 | _aਰੰਧਾਵਾ | ||
| 245 | 0 | _aਦੁਆਬਾ | |
| 260 | _c1982 | ||
| 942 |
_hO168,3NRA6,DO, 153M2 _cTEXL _2CC |
||
| 999 |
_c387915 _d387915 |
||